| 000 | 00445nam a22001817a 4500 | ||
|---|---|---|---|
| 003 | CEME | ||
| 005 | 20210628201846.0 | ||
| 008 | 210222b xxu||||| |||| 00| 0 eng d | ||
| 020 | _a81-219-1642-9 | ||
| 040 | _c. | ||
| 082 | _a620.1 KHU | ||
| 100 |
_aKhurami, R.S _957130 |
||
| 245 | _aStructural mechanics | ||
| 260 |
_aNEW DELHI _bS.CHAND COMPANY _c1997 |
||
| 300 | _aIII,313P | ||
| 650 |
_aSTRUCTURAL MECHANICS _957131 |
||
| 942 |
_cBK _2ddc |
||
| 999 |
_c567427 _d567427 |
||